Chefs 3 *** Michelin en France - Statistiques

Statistiques générales
  • Ce quiz a été pris 49 fois
  • Le résultat moyen est 20 sur 68
Statistiques - réponses
Année Nom du restaurant Commune Nom du chef en 2023 % Correct
1997 Hôtel du parc Paris Alain {Ducasse}
85%
2001 Plaza Athénée Paris Alain {Ducasse}
85%
1965 L'auberge du pont de Collonges Collonges-au-Mont-d'or Paul {Bocuse}
82%
2015 Ledoyen Paris Yannick {Alléno}
74%
2017 1947 au Cheval blanc Courchevel Yannick {Alléno}
74%
2002 Nom du chef Paris Guy {Savoy}
69%
1984 Jamin Paris Joël {Robuchon}
69%
1934 Maison (nom du chef) Valence André {Pic}
59%
2020 L'Oustau de Baumanière Les Baux-de-Provence Glenn {Viel}
56%
1995 La maison de (nom du chef) Veyrier-du-Lac Marc {Veyrat}
51%
2001 La ferme de mon père Megève Marc {Veyrat}
51%
2018 La maison de bois Manigod Marc {Veyrat}
51%
1996 L'Arpège Paris Alain {Passard}
49%
2007 Le Pré Catelan Paris Frédéric {Anton}
49%
2009 Epicure au bristol Paris Eric {Frechon}
44%
1981 Nom du chef Vonnas Georges {Blanc}
44%
2021 AM Marseille Alexandre {Mazzia}
41%
2013 La vague d'or Saint-Tropez Arnaud {Donckele}
41%
2022 Plénitude au Cheval Blanc Paris Arnaud {Donckele}
41%
1968 Le bois sans feuilles Ouches César {Troisgros}
41%
2023 La Marine Noirmoutier-en-l'île Alexandre {Couillon}
38%
2020 Nom du chef La Rochelle Christopher {Coutanceau}
36%
2010 Auberge du Vieux Puits Fontjoncouse Gilles {Goujon}
36%
1993 Nom du chef Paris Pierre {Gagnaire}
36%
2005 Nom du chef Saint-Bonnet-le-Froid Régis {Marcon}
36%
2016 Le Cinq Paris Christian {Le Squer}
33%
1933 La Mère (nom de la chef) Lyon et Pollionnay Eugénie {Brazier}
31%
2008 Le petit Nice Marseille Gérald {Passédat}
31%
2007 Meurice Paris Yannick {Aléno}
31%
2020 Prénom du chef Paris Kei {Kobayashi}
28%
1977 Les Près d'Eugènie Eugénie-les-Bains Michel {Guérard}
28%
2012 Flocons de sel Megève Emmanuel {Renaut}
26%
2014 L'assiette champenoise Tinqueux Arnaud {Lallement}
23%
1951 L'auberge du Père (nom du chef) Talloires Marguerite {Bise}
23%
2019 Le clos des sens Annecy-le-Vieux Laurent {Petit}
21%
1967 Auberge de l'Ill Illhaeusern Marc {Haeberlin}
21%
1953 Le Grand Véfour Paris Raymond {Oliver}
21%
1986 L'Ambroise Paris Bernard {Pacaud}
18%
2010 Lameloise Chagny Eric {Pras}
18%
1933 La Pyramide Vienne Fernand {Point}
18%
2007 L'Astrance Paris Pascal {Barbot}
18%
1933 La Tour d'argent Paris André {Terrail}
15%
2018 Hôtel du Castellet Le Castellet Christophe {Bacquié}
15%
2022 La villa Madie Cassis Dimitri {Droisneau}
15%
1989 Au crocodile Strasbourg Emile {Jung}
15%
1998 Le jardin des sens Montpellier Jacques et Laurent {Pourcel}
15%
2002 L'Arnsbourg Baerenthal Jean-Georges {Klein}
15%
1994 Le Buerehisel Strasbourg Antoine {Westermann}
13%
1979 Maison (nom du chef) Chagny Jacques {Lameloise}
13%
1983 L'Espérance Saint-Père-sous-Vézelay Marc {Meneau}
13%
2006 Les maisons de Bricourt Cancale Olivier {Roelinger}
13%
1978 Archestrate Paris Alain {Senderens}
10%
2004 Les loges de l'aubergade Puymirol Michel {Trama}
10%
1991 Le Relais Bernard Loiseau Saulieu Patrick {Berton}
10%
1973 Nom du chef Mionnay Alain {Chapel}
8%
1935 La côte d'or Saulieu Alexandre {Dumaine}
8%
1972 Le Vivarois Paris Claude {Peyrot}
8%
1979 Les Crayères Reims Gérard {Boyer}
8%
1973 Taillevent Paris Jean-Claude {Vrinat}
8%
2004 La côte St Jacques Joigny Jean-Michel {Lorain}
8%
1970 L'Oasis La Napoule Louis {Outhier}
8%
1974 Le moulin de Mougins Mougins Roger {Vergé}
8%
1954 Nom du chef Paris René {Lasserre}
5%
1933 Larue Paris Célestin {Duplat}
3%
1953 Maxim's Paris Louis {Barthe}
3%
1933 La Mère (nom de la chef) Priay Marie {Bourgeois}
3%
1953 Hostellerie de la poste Avallon René {Hure}
3%
1933 Lapérouse Paris Roger {Topolinski}
0%
Aucun quiz correspondant
Distribution des résultats
% des personnes avec chaque résultat
Percentile par nombre de réponses
Votre historique - résultats
Vous n’avez pas pris ce quiz